00450nam a2200157Ia 4500008004100000020001400041082001500055100002400070245004400094250000700138260004500145300004100190500001900231600002700250650001500277240925s9999 xx 000 0 und d a130955027 a621.39 BOU aBout ,Dave Van Den 4aThe Practical Xilinx Designer Lab Book  aNA aNew Jersey:bPrintice- Hall Int.c,1997. axii,540p.bNAfInternational Edition aIncludes Index aElectrical Engineering aTechnology